Histoire de l'immunologie

Αποθηκεύτηκε σε:
Λεπτομέρειες βιβλιογραφικής εγγραφής
Κύριος συγγραφέας: Genetet, Bernard
Άλλοι συγγραφείς: Sicard, Didier (Συγγραφέας εισαγωγής κ.λπ.)
Μορφή: Βιβλίο
Γλώσσα:French
Δημοσίευση: [Paris] : [Presses universitaires de France], [2000]
Σειρά:Que sais-je? ; 3551
Θέματα:
Ετικέτες: Προσθήκη ετικέτας
Δεν υπάρχουν, Καταχωρήστε ετικέτα πρώτοι!

MARC

LEADER 00000nam a2200000 i 4500
001 1/83920
008 080506s2000 fre d
020 |a 2-13-050554-6 
035 |l 10097055 
040 |a GR-MY-UA  |b gre  |e aacr 
041 0 |a fre 
082 0 |a 571.96  |2 (22) 
100 1 |a Genetet, Bernard. 
245 1 0 |a Histoire de l'immunologie /  |c Bernard Genetet ; preface de Didier Sicard 
260 |a [Paris] :   |b [Presses universitaires de France],   |c [2000] 
300 |a 127 σ.;  |c 18 εκ. 
490 1 |a Que sais-je?  |v ; 3551 
504 |a Βιβλιογραφία: σ. 123 
650 0 0 |a Immunology  |x History. 
650 0 0 |a Immunology  |x Philosophy. 
700 1 |a Sicard, Didier.  |4 aui 
830 0 |a Que sais-je?  |v ; 3551 
852 |a INST  |b RHODES  |e 20080506  |h 571.96 GEN  |p 005400029241  |q 005400029241  |t BK  |y 0 
901 |a BIBL4-2008-2 
909 |a Ρ  |b 152476 
922 |a 4ΕΛΗ  |b 200803  |c ΕΠΕΑΕΚ2/ΤΕΠΑΕΣ  |d ΠΑΠΑΣΩΤΗΡΙΟΥ 
970 |a ΚΟΖΑ  |b ΜΑΡΙΑ  |z 2008/05/06